| 000 | 00932cab a22002175a 4500 | ||
|---|---|---|---|
| 001 | L146299 | ||
| 008 | 090106e20081220xxk f 000 0 eng d | ||
| 035 | _a(Sirsi) u146299 | ||
| 041 | 0 | _aeng | |
| 100 | 1 | _aEddington, Charlotte | |
| 245 | 0 | 0 | _aCarbon footprint measured for size |
| 260 | _c2008 | ||
| 490 |
_aEstates Gazette _v(0850) 20 December 2008, 68(1) |
||
| 520 | _aArticle looks at the Climate Change Bill 2007 and examines proposed measures and the likely effects upon the construction industry. The author also mentions firms who are leading the field (including Gazeley and Canary Wharf Group) and those who are doing less well (the public sector). | ||
| 590 | _aKA | ||
| 650 | 2 | 4 | _aCLIMATE CHANGE BILL 2007 |
| 651 | 4 |
_aUnited Kingdom _y |
|
| 690 | _aENVIRONMENTAL AND LAND CONSULTANCY-SUSTAINABILITY-SUSTAINABLE DEVELOPMENT | ||
| 690 | _aENVIRONMENTAL AND LAND CONSULTANCY-ENERGY-RENEWABLE ENERGY | ||
| 942 | _n0 | ||
| 999 |
_c81121 _d81121 |
||